Letra da Música Tema de Pokémon - Statistics

Estatísticas Gerais
  • Esse quiz foi jogado 2 550 vezes
    2 549 desde o último reset
  • A pontuação média é 13 de 24
Estatísticas das Respostas
Letras % Correto
O bem vencer o {mal}
93%
Pegá-los eu {tentarei}!
88%
Pegá-los eu {tentarei}! (Pokémon!)
88%
Isso eu {sei}
87%
(Temos que pegar) {Temos} {que} {pegar}!
86%
Pelo mundo {viajarei}
83%
A minha vida {é} {fazer}
82%
Esse meu {jeito} {de} {viver}
82%
Tentando {encontrar}
81%
Ninguém nunca {foi} {igual}
80%
{Pokémon}!
77%
Um Pokémon e com o {seu} {poder}
74%
Tudo {transformar}
69%
Vai ser {grande} {a} {emoção}
64%
Juntos teremos que o {mundo} {defender}
56%
(Pokémon! {Temos} {que} {pegá-los})
26%
Sempre a melhor {equipe}
19%
{Desafios} vou encontrar
18%
E os {enfrentarei}
17%
Lutando pelo {meu} {lugar}
16%
O {sonho} é poder
16%
Vem comigo, {vamos} {formar}
15%
{Todo} {dia} estarei!
14%
E {sempre} {juntos} vamos vencer
13%
Nenhum quiz correspondente encontrado
Distribuição das Pontuações
Porcentagem de Pessoas com Cada Pontuação
Percentil de Números Respondidos
Sua Pontuação Histórica
Você não jogou esse quiz desde o último reset